La ayuda pedagógica : cuando para resolver un problema antes hay que crearlo (Record no. 118540)

MARC details
000 -CABECERA
campo de control de longitud fija 00548nab a2200193 a 4500
005 - FECHA Y HORA DE LA ÚLTIMA TRANSACCIÓN
campo de control 20210219155508.0
008 - ELEMENTOS DE LONGITUD FIJA--INFORMACIÓN GENERAL
campo de control de longitud fija 991125s1985 mx 000 0 spa u
035 ## - NÚMERO DE CONTROL DEL SISTEMA
Número de control de sistema UPN01000146394
100 1# - ASIENTO PRINCIPAL--NOMBRE PERSONAL
Nombre de persona Pozo, Juan Ignacio
222 ## - TÍTULO CLAVE
Título clave CULTURA Y EDUCACION
245 ## - MENCIÓN DE TÍTULO
Título La ayuda pedagógica : cuando para resolver un problema antes hay que crearlo
260 ## - PUBLICACIÓN, DISTRIBUCIÓN, ETC.
Lugar de publicación, distribución, etc. Madrid, España
300 ## - DESCRIPCIÓN FÍSICA
Extensión 295-298
362 0# - FECHAS DE PUBLICACIÓN Y/O DESIGNACIÓN SECUENCIAL
Fecha de publicación y/o designación secuencial 2001 Vol. 13, no. 3
653 0# - TERMINO DE INDIZACION - NO CONTROLADO
Término no controlado ASESORIA
653 0# - TERMINO DE INDIZACION - NO CONTROLADO
Término no controlado INTERACCION MAESTRO-ALUMNO
653 0# - TERMINO DE INDIZACION - NO CONTROLADO
Término no controlado APRENDIZAJE
905 ## - TIPO DE MATERIAL
Tipo de material Articulo

No items available.